International capital markets developments, prospects, and policy issues
Salvato in:
| Autore principale: | |
|---|---|
| Altri autori: | |
| Natura: | Libro |
| Lingua: | inglese |
| Pubblicazione: |
Washington
International Monetary Fund
1994
|
| Serie: | World economic and financial surveys
|
| Soggetti: | |
| Tags: |
Nessun Tag, puoi essere il primo ad aggiungerne!!
|
MARC
| LEADER | 00000nam a2200000 4500 | ||
|---|---|---|---|
| 001 | c021508 | ||
| 005 | 20240111124704.5 | ||
| 020 | |a 1-55775-426-8 | ||
| 022 | |a 0258-7440 | ||
| 041 | 0 | |a eng | |
| 044 | |a US | ||
| 245 | 1 | 0 | |a International capital markets |b developments, prospects, and policy issues |c by a staff team from the International Monetary Fund led by Morris Goldstein and David Folkerts-Landau |
| 264 | 1 | |a Washington |b International Monetary Fund |c 1994 | |
| 300 | |a 134 s. | ||
| 490 | 1 | |a World economic and financial surveys | |
| 830 | 0 | |a World economic and financial surveys | |
| 610 | 2 | 0 | |a trh kapitálový medzinárodný |
| 610 | 2 | 0 | |a kapitál |
| 610 | 2 | 0 | |a obligácie |
| 610 | 2 | 0 | |a deriváty |
| 610 | 2 | 0 | |a banky centrálne |
| 610 | 2 | 0 | |a kontrola banková |
| 610 | 2 | 0 | |a krajiny rozvojové |
| 610 | 2 | 0 | |a financovanie |
| 610 | 2 | 0 | |a krajiny vyspelé |
| 610 | 2 | 0 | |a internacionalizácia |
| 610 | 2 | 0 | |a inštitucionalizmus |
| 610 | 2 | 0 | |a reformy |
| 610 | 2 | 0 | |a papiere cenné |
| 610 | 2 | 0 | |a bankovníctvo |
| 610 | 2 | 0 | |a dlhy |
| 610 | 2 | 0 | |a údaje štatistické |
| 610 | 2 | 0 | |a porovnanie štatistické medzinárodné |
| 100 | 1 | |a Goldstein, Morris | |
| 700 | 1 | |a Folkerts-Landau, David | |